[Event "D4-R3-Colomiers-Auch"]
[Site "Colomiers"]
[Date "2003.12.07"]
[Round "3.7"]
[White "Moiseyev, Vlas"]
[Black "Devecchi, Jorge"]
[Result "1-0"]
[WhiteElo "1499"]
[BlackElo "1650"]
[EventDate "2003.12.07"]
[PlyCount "41"]

1.e4 e5 2.Nf3 Nc6 3.Bb5 a6 4.Ba4 Nf6 5.O-O Bc5 6.c3 b5 7.Bc2 d5 8.exd5 
Qxd5 9.Nxe5 Nxe5 10.d4 Bxd4 11.cxd4 Nc6 12.Nc3 Qxd4 13.Qf3 Bb7 14.Re1+ Kf8
15.Be3 Qg4 16.Bc5+ Kg8 17.Qxg4 Nxg4 18.Nd5 Nb4 19.Nxb4 Nf6 20.Re7 Rd8 21.
Bb3 1-0

[Event "D4-R3-Colomiers-Auch"]
[Site "Colomiers"]
[Date "2003.12.07"]
[Round "3.6"]
[White "Tran, Jean-claude"]
[Black "Artis, Paul"]
[Result "1/2-1/2"]
[WhiteElo "1670"]
[BlackElo "1570"]
[EventDate "2003.12.07"]
[PlyCount "92"]

1.d4 Nf6 2.c4 g6 3.Nc3 Bg7 4.e4 d6 5.Nge2 O-O 6.Ng3 c5 7.d5 Nbd7 8.Be2 Re8
9.h4 e5 10.h5 a6 11.hxg6 fxg6 12.Bg5 Qc7 13.a4 Rf8 14.Qd2 b6 15.Bh6 Ne8 
16.Bg4 Ndf6 17.Be6+ Bxe6 18.dxe6 Qe7 19.Bxg7 Nxg7 20.Nd5 Nxd5 21.exd5 Nf5 
22.Ne4 Nd4 23.Ra3 Rf4 24.Re3 Raf8 25.Rhh3 Rh4 26.Rxh4 Qxh4 27.Rh3 Qxe4+ 
28.Kf1 Qb1+ 29.Qe1 Qxb2 30.Kg1 Qc2 31.Qe3 Qf5 32.Qh6 Qxf2+ 33.Kh1 Qf1+ 34.
Kh2 Qf4+ 35.Qxf4 exf4 36.Kg1 Re8 37.Kf2 Kg7 38.Rh1 Nxe6 39.dxe6 Rxe6 40.
Rb1 d5 41.cxd5 Rd6 42.Kf3 g5 43.Ke4 Kf6 44.Rh1 Kg6 45.Ke5 Rd8 46.d6 Kg7 
1/2-1/2

[Event "D4-R3-Colomiers-Auch"]
[Site "Colomiers"]
[Date "2003.12.07"]
[Round "3.5"]
[White "Artis, Francois"]
[Black "Join, Etienne"]
[Result "0-1"]
[WhiteElo "1680"]
[BlackElo "1720"]
[EventDate "2003.12.07"]
[PlyCount "44"]

1.e4 e6 2.d4 d5 3.Nc3 dxe4 4.Nxe4 Nc6 5.Nf3 h6 6.c4 Nf6 7.Nc3 b6 8.a3 Bb7 
9.Be3 Ng4 10.Be2 Bd6 11.Qa4 O-O 12.Bd2 Qf6 13.h3 Nxf2 14.Kxf2 Nxd4 15.Be3 
Bc5 16.b4 Nxf3 17.bxc5 Ng5+ 18.Kg3 Qxc3 19.Rhe1 Qxe3+ 20.Bf3 Ne4+ 21.Kh2 
Qf4+ 22.Kg1 Nxc5 0-1

[Event "D4-R3-Colomiers-Auch"]
[Site "Colomiers"]
[Date "2003.12.07"]
[Round "3.4"]
[White "Golic, Nadil"]
[Black "Blesing, Rene"]
[Result "1-0"]
[WhiteElo "1900"]
[BlackElo "1790"]
[EventDate "2003.12.07"]
[PlyCount "89"]

1.d4 d5 2.Nf3 e6 3.c4 dxc4 4.Nc3 Nc6 5.e3 Nf6 6.Bxc4 a6 7.O-O Be7 8.Bd3 
O-O 9.a3 b5 10.b4 Bb7 11.Bb2 Bd6 12.h3 Re8 13.e4 e5 14.d5 Nd4 15.Ne1 c6 
16.dxc6 Bxc6 17.f3 Qb6 18.Rf2 a5 19.bxa5 Rxa5 20.Ne2 Rea8 21.Nxd4 exd4 22.
Nc2 Bc5 23.Qe2 Re8 24.g4 Nd5 25.Qd2 Ne3 26.Re2 Rea8 27.Nxe3 dxe3 28.Qc3 f6
29.Rc1 Bxa3 30.Qxc6 Qxc6 31.Rxc6 Bxb2 32.Rxb2 Rd8 33.Rc3 Ra1+ 34.Kg2 b4 
35.Bc4+ Kf8 36.Rxe3 Rdd1 37.Rxb4 Rg1+ 38.Kf2 g5 39.Re2 Raf1+ 40.Ke3 Rg3 
41.Rf2 Rh1 42.Rd2 Rhxh3 43.Be2 Rxg4 44.Rb7 Ke8 45.Bb5+ 1-0

[Event "D4-R3-Colomiers-Auch"]
[Site "Colomiers"]
[Date "2003.12.07"]
[Round "3.3"]
[White "Alladaye, Rene"]
[Black "Rouede, Gilbert"]
[Result "1/2-1/2"]
[WhiteElo "1730"]
[BlackElo "1890"]
[EventDate "2003.12.07"]
[PlyCount "83"]

1.Nf3 Nf6 2.g3 d5 3.Bg2 c5 4.c4 d4 5.d3 Nc6 6.Nbd2 e5 7.O-O Bd6 8.a3 h6 9.
h3 O-O 10.Kh2 Re8 11.Nh4 g5 12.Nhf3 Bf5 13.Ng1 e4 14.dxe4 Nxe4 15.Nxe4 
Bxe4 16.Bxe4 Rxe4 17.e3 Qe7 18.Qc2 Re8 19.Kg2 dxe3 20.Bxe3 Qe6 21.Rac1 f5 
22.Nf3 f4 23.Bd2 Nd4 24.Nxd4 cxd4 25.Rfe1 fxg3 26.Qxe4 Qxe4+ 27.Rxe4 Rxe4 
28.Kf3 Rh4 29.fxg3 Rxh3 30.Rg1 Rh2 31.Rg2 g4+ 32.Kf2 Rxg2+ 33.Kxg2 h5 34.
Kf2 Kf7 35.Be1 Ke6 36.Ke2 Be5 37.Kd3 a6 38.b3 b6 39.a4 a5 40.Bf2 Kd6 41.
Be1 Ke6 42.Bf2 1/2-1/2

[Event "D4-R3-Colomiers-Auch"]
[Site "Colomiers"]
[Date "2003.12.07"]
[Round "3.1"]
[White "Cance, Jeremie"]
[Black "Mesples, Jean-Marc"]
[Result "1-0"]
[WhiteElo "1930"]
[BlackElo "2090"]
[EventDate "2003.12.07"]
[PlyCount "93"]

1.e4 e5 2.Nf3 Nc6 3.Bc4 Nf6 4.d3 Bc5 5.O-O d6 6.c3 a6 7.b4 Ba7 8.Be3 O-O 
9.Na3 Ng4 10.Bg5 Nf6 11.Nc2 h6 12.Bh4 Be6 13.Bb3 Qe7 14.Ne3 Bxb3 15.axb3 
Qe6 16.Bxf6 Qxf6 17.g3 Bxe3 18.fxe3 Qe6 19.Nh4 g6 20.Ra2 Rad8 21.Raf2 d5 
22.Rf6 Qe7 23.Qg4 Rd6 24.Nxg6 Qxf6 25.Rxf6 Rxf6 26.Nxf8+ Kxf8 27.exd5 Ne7 
28.e4 Rd6 29.c4 b6 30.Kg2 c6 31.c5 bxc5 32.bxc5 Rd8 33.d6 Nc8 34.Qh5 Nxd6 
35.Qxh6+ Ke7 36.cxd6+ Rxd6 37.Qg5+ f6 38.Qg7+ Ke6 39.Qg8+ Kd7 40.Qc4 a5 
41.Kf3 Rd4 42.Qc3 a4 43.bxa4 Rxa4 44.Qb3 Rd4 45.Qf7+ Kc8 46.Ke3 Rd6 47.h4 
1-0

[Event "REG 1  R 3  Montech-Montauban"]
[Site "?"]
[Date "2003.12.07"]
[Round "3"]
[White "Antoine, Wacker"]
[Black "Pierre, Delpy"]
[Result "1/2-1/2"]
[WhiteElo "1299"]
[BlackElo "1499"]
[EventDate "2003.??.??"]
[PlyCount "146"]

1.e4 c5 2.d4 cxd4 3.Nf3 e5 4.c3 dxc3 5.Nxc3 Nc6 6.Bd3 Nf6 7.Bg5 Be7 8.Bxf6
Bxf6 9.Nd5 d6 10.O-O O-O 11.Rc1 Be6 12.a3 a6 13.Rc3 Bg5 14.h3 Bh6 15.Qb3 
Rb8 16.Qc2 f5 17.Nd2 Nd4 18.Qd1 fxe4 19.Bxe4 Bxh3 20.Rxh3 Rc8 21.Nb3 Ne6 
22.Qd3 Ng5 23.Rg3 Nxe4 24.Qxe4 b5 25.Na5 Qxa5 26.Ne7+ Kh8 27.Nxc8 Rxc8 28.
Qf5 Qd8 29.Qe6 g6 30.Rd1 Qc7 31.Rh3 Qc2 32.Qxd6 Qxd1+ 33.Qxd1 Rc1 34.Qxc1 
Bxc1 35.b4 Bb2 36.Re3 Kg7 37.Rf3 h6 38.Rb3 Bd4 39.Kf1 g5 40.f3 Kf6 41.Ke2 
Kf5 42.Rd3 Kf4 43.Rb3 Kg3 44.Kf1 h5 45.Rb1 h4 46.Rc1 Bb2 47.Rc6 Bxa3 48.
Rxa6 Bxb4 49.Rb6 h3 50.gxh3 Kxh3 51.Rxb5 Bd6 52.Ke2 Kg3 53.Ke3 Bc7 54.Ke4 
Bd6 55.Rb3 Kh4 56.Rb1 Kh5 57.Rh1+ Kg6 58.Rh3 Bb8 59.Rh8 Bc7 60.Re8 Ba5 61.
Kxe5 Bd2 62.Re6+ Kh5 63.Kf5 Kh4 64.Re4+ Bf4 65.Rxf4+ gxf4 66.Kxf4 Kh5 67.
Kf5 Kh6 68.f4 Kg7 69.Ke5 Kf7 70.f5 Ke7 71.f6+ Kf8 72.Ke6 Ke8 73.f7+ Kf8 
1/2-1/2

[Event "Division IV"]
[Site "MyTown"]
[Date "2003.12.07"]
[Round "3.8"]
[White "Joanez-Benedicto, Virginie"]
[Black "Foing, Marc"]
[Result "1-0"]
[WhiteElo "1540"]
[BlackElo "1499"]
[EventDate "2003.??.??"]
[Annotator "CWIEK,loïc"]
[PlyCount "39"]
[TimeControl "240+2"]

{48MB, Fritz8.ctg, X9U7J5} 
1.d4 Nf6 2.c4 g6 3.Nc3 Bg7 4.Bf4 d6 5.e4 O-O 6.Be2 Re8 7.Qd3 e5 8.dxe5 
dxe5 9.Qxd8 Rxd8 10.Bxe5 Nc6 11.Bxc7 Re8 12.f3 Nd4 13.O-O-O Nxe2+ 14.Ngxe2
Be6 15.b3 Rac8 16.Bf4 Nh5 17.Nb5 Nxf4 18.Nxf4 a6 19.Nd6 Be5 20.Nxe6 1-0

[Event "Division IV"]
[Site "MyTown"]
[Date "2003.12.07"]
[Round "3.7"]
[White "Tran, Vinh Loc"]
[Black "Salvignac"]
[Result "0-1"]
[WhiteElo "1440"]
[BlackElo "1590"]
[EventDate "2003.??.??"]
[Annotator "CWIEK,loïc"]
[PlyCount "79"]
[TimeControl "240+2"]

{48MB, Fritz8.ctg, X9U7J5} 
1.e4 e6 2.d4 d5 3.Nc3 Bb4 4.e5 Qe7 5.a3 Bxc3+ 6.bxc3 c5 7.c4 Nc6 8.c3 Bd7 
9.Rb1 b6 10.f4 Nh6 11.Nf3 Nf5 12.Be2 O-O 13.O-O dxc4 14.Bxc4 Na5 15.Be2 
Rad8 16.c4 Bc6 17.Qc2 cxd4 18.Bd3 g6 19.Bd2 Qd7 20.Ng5 Ne3 21.Bxe3 dxe3 
22.Be4 Qd2 23.Rfe1 Qxc2 24.Bxc2 Rd2 25.Be4 Bxe4 26.Nxe4 Rd3 27.c5 bxc5 28.
Nxc5 Rxa3 29.Rb2 Nc4 30.Rc2 Nd2 31.Nd7 Rd8 32.Nf6+ Kg7 33.Ng4 h5 34.Nxe3 
Nb3 35.Rc3 Rb8 36.Nc4 Ra2 37.Rb1 Ra1 38.Rxa1 Nxa1 39.Ra3 Nc2 40.Nd6 $4 
    ( 40.Rxa7 $14 )
0-1

[Event "Division IV"]
[Site "MyTown"]
[Date "2003.12.07"]
[Round "3.4"]
[White "Canivet, Christophe"]
[Black "Reynes, Philippe"]
[Result "1/2-1/2"]
[WhiteElo "1780"]
[BlackElo "1690"]
[EventDate "2003.??.??"]
[Annotator "CWIEK,loïc"]
[PlyCount "71"]
[TimeControl "240+2"]

{48MB, Fritz8.ctg, X9U7J5} 
1.e4 e6 2.Nc3 b6 3.d4 Bb7 4.d5 Bb4 5.Bc4 Qh4 6.Qf3 Bxc3+ 7.bxc3 Nf6 8.Bf4 
exd5 9.Bxd5 Nxd5 10.exd5 O-O 11.Ne2 d6 12.O-O Nd7 13.g3 Qh3 14.c4 Nf6 15.
Nc3 Ba6 16.Nb5 Bxb5 17.cxb5 Rfe8 18.Rfe1 Kf8 19.c4 Rxe1+ 20.Rxe1 Re8 21.
Re3 Rxe3 22.Bxe3 Ng4 23.Qf5 Qxh2+ 24.Kf1 Nxe3+ 25.fxe3 g6 26.Qc8+ Kg7 27.
Qxc7 Qxg3 28.Ke2 Qg2+ 29.Kd3 Qf1+ 30.Kd4 Qa1+ 31.Kd3 Qd1+ 32.Kc3 Qc1+ 33.
Kd4 Qa1+ 34.Kd3 Qd1+ 35.Ke4 Qg4+ 36.Kd3 1/2-1/2

[Event "Division IV"]
[Site "MyTown"]
[Date "2003.12.07"]
[Round "3.3"]
[White "Videau, Yannick"]
[Black "Dervieux, Dominique"]
[Result "0-1"]
[WhiteElo "1840"]
[BlackElo "1890"]
[EventDate "2003.??.??"]
[Annotator "CWIEK,loïc"]
[PlyCount "62"]
[TimeControl "240+2"]

{48MB, Fritz8.ctg, X9U7J5} 
1.Nf3 g6 2.c4 Bg7 3.g3 c6 4.Nc3 d5 5.cxd5 cxd5 6.d4 Nf6 7.Bg2 O-O 8.O-O b6
9.Ne5 Bb7 10.Qd3 e6 11.h4 Nfd7 12.Bf4 Nc6 13.Nxc6 Bxc6 14.Bd6 Re8 15.e4 
dxe4 16.Nxe4 Nb8 17.Rad1 Qd7 18.Qe3 f5 19.Bxb8 Raxb8 20.Ng5 Bxg2 21.Kxg2 
Qd5+ 22.Kg1 Qxa2 23.Ra1 Qxb2 24.Rxa7 Qxd4 25.Qb3 Qd5 26.Qa4 Ra8 27.Rb1 h6 
28.Nxe6 b5 29.Rxb5 Rxa7 30.Qxa7 Qxe6 31.Rb6 Qd5 0-1

[Event "N4B3 Lardenne - Cahors"]
[Site "?"]
[Date "2003.12.07"]
[Round "3.2"]
[White "Thamier, Stephan"]
[Black "Surre, Frédéric"]
[Result "1/2-1/2"]
[WhiteElo "1880"]
[BlackElo "1860"]
[EventDate "2003.??.??"]
[Annotator "Cwiek, Loïc"]
[PlyCount "31"]
[TimeControl "240+2"]

{48MB, Fritz8.ctg, X9U7J5} 
1.e4 e5 2.Bc4 Nf6 3.d3 Bc5 4.Nf3 c6 5.Nc3 d6 6.Be3 Bb6 7.O-O O-O 8.Qe2 
Nbd7 9.Rad1 Bxe3 10.Qxe3 b5 11.Bb3 Qc7 12.a3 a5 13.h3 Nc5 14.Ra1 Be6 15.
Bxe6 Nxe6 16.Rfe1 1/2-1/2

[Event "REG 1  R 3 Sainte Foy/Luchon"]
[Site "?"]
[Date "2003.12.07"]
[Round "3"]
[White "Lacresse, Régis"]
[Black "Breton, Yves"]
[Result "1-0"]
[WhiteElo "1810"]
[BlackElo "1910"]
[EventDate "2003.??.??"]
[Annotator ",OL"]
[PlyCount "73"]
[WhiteTeam "L'ouverture Lauragaise"]
[BlackTeam "Luchon"]

1.e4 b6 2.Be2 Bb7 3.Bf3 e5 4.b3 Nf6 5.Nc3 Bb4 6.Nge2 Nc6 7.Nd5 Nxd5 8.exd5
Ne7 9.Bb2 Bd6 10.d4 e4 11.Bxe4 Bxd5 12.Bxd5 Nxd5 13.c4 Bb4+ 14.Kf1 Nf6 15.
c5 bxc5 16.a3 Ba5 17.dxc5 c6 18.Qd4 O-O 19.h4 Re8 20.h5 Qe7 21.Qd3 Nd5 22.
b4 Bc7 23.Rd1 Be5 24.Bxe5 Qxe5 25.Nd4 Qf6 26.Qf5 Re5 27.Qxf6 Nxf6 28.Nf3 
Re4 29.g4 Rxg4 30.Ne5 Rg5 31.Nxd7 Nxh5 32.Rd6 Nf4 33.Rh4 Ng6 34.Rhd4 Rc8 
35.a4 Ne7 36.Nb6 Re8 37.Rd8 1-0

[Event "REG 1  R 3 Ramonville-Foix"]
[Site "?"]
[Date "2003.12.07"]
[Round "3"]
[White "Rolle, Pascal"]
[Black "Stéphane, Bister"]
[Result "0-1"]
[WhiteElo "1599"]
[BlackElo "1870"]
[EventDate "2003.??.??"]
[PlyCount "80"]

1.e4 c6 2.d4 d5 3.e5 Bf5 4.f4 h6 5.Nf3 e6 6.c4 dxc4 7.Bxc4 Nd7 8.O-O Nb6 
9.Bb3 Ne7 10.Nc3 Ned5 11.Qe1 Be7 12.a4 a5 13.Ne4 Nb4 14.Nfd2 Qxd4+ 15.Kh1 
O-O 16.Ng3 Bc2 17.f5 Bxb3 18.Nxb3 Qd5 19.Qf2 Nxa4 20.Rxa4 Qxe5 21.Qe1 Qd5 
22.Qd1 Rfd8 23.Qxd5 Rxd5 24.fxe6 fxe6 25.Bd2 b5 26.Raa1 a4 27.Bxb4 Bxb4 
28.Ne4 Rad8 29.Nc1 Rd4 30.Nc3 Rd2 31.Rb1 Bxc3 32.bxc3 Rc2 33.Re1 Rxc3 34.
Na2 Rc2 35.Nb4 Rc4 36.Rxe6 Rxb4 37.Rc1 Rc4 38.Ra1 a3 39.h3 b4 40.Re7 Rd2 
0-1

[Event "REG 1  R 3 Ramonville-Foix"]
[Site "?"]
[Date "2003.12.07"]
[Round "3"]
[White "Pascal, Lezaud"]
[Black "Werwaerde, Hervé"]
[Result "0-1"]
[WhiteElo "1410"]
[BlackElo "1620"]
[EventDate "2003.??.??"]
[PlyCount "73"]

1.e4 d5 2.exd5 Nf6 3.d4 Nxd5 4.h3 Bf5 5.a3 e6 6.Nf3 c5 7.Bb5+ Nd7 8.Ne5 
Qa5+ 9.Bd2 Qxb5 10.c4 Qxb2 11.cxd5 Qxa1 12.O-O Qxd4 13.Nxd7 Kxd7 14.Qb3 
Qxd5 15.Qa4+ Qc6 16.Qa5 Bd6 17.Be3 Rhd8 18.Rc1 Bc7 19.Qc3 Bxb1 20.Rxb1 Qd6
21.g3 b6 22.Qc2 Kc8 23.Qxh7 Qd3 24.Qxd3 Rxd3 25.Kg2 Rxa3 26.Rd1 a5 27.h4 
Rb3 28.h5 a4 29.h6 gxh6 30.Bxh6 a3 31.Bg7 a2 32.Bf6 Rb1 33.Rd3 a1=Q 34.
Bxa1 Raxa1 35.Rf3 Rh1 36.Rxf7 Rag1+ 37.Kf3 0-1

[Event "REG 1  R 3 Millau-Albi"]
[Site "?"]
[Date "2003.12.07"]
[Round "3"]
[White "Philippe, Balard"]
[Black "Olivier, Serres"]
[Result "0-1"]
[WhiteElo "1499"]
[BlackElo "1650"]
[EventDate "2003.??.??"]
[PlyCount "115"]

1.e4 d6 2.d4 Nf6 3.Nc3 g6 4.Be3 Bg7 5.Nf3 Nbd7 6.h3 c6 7.Qd2 Qa5 8.Rd1 b5 
9.a3 O-O 10.Bd3 a6 11.e5 dxe5 12.dxe5 Ne8 13.Bh6 Nc7 14.h4 Ne6 15.h5 Ndc5 
16.Bxg7 Kxg7 17.h6+ Kg8 18.Ng5 Nxd3+ 19.cxd3 b4 20.axb4 Qxe5+ 21.Nge4 Nd4 
22.Kf1 Bg4 23.Re1 Qc7 24.b3 f6 25.Qb2 Rad8 26.Rh4 Bf5 27.Ne2 Bxe4 28.Rxe4 
Nf5 29.Ng3 Nxg3+ 30.fxg3 Rd6 31.R1e3 Kf7 32.Qc2 Rd5 33.Kg1 Rg5 34.Qe2 Rxg3
35.Rxg3 Qxg3 36.Qc2 Qd6 37.Qc4+ Qd5 38.Qxa6 Qxb3 39.Qc4+ Qxc4 40.Rxc4 Rb8 
41.d4 Rb6 42.Kf2 Ke6 43.Ke3 Kd5 44.Rc5+ Kd6 45.Ra5 Rxb4 46.Ra8 Rb3+ 47.Kf4
g5+ 48.Kg4 Rb4 49.Rd8+ Ke6 50.Rh8 Rxd4+ 51.Kg3 Rh4 52.Rxh7 c5 53.Kf3 c4 
54.g3 Rh5 55.Ke3 Rh3 56.Kd4 c3 57.Kxc3 Rxg3+ 58.Kd2 0-1

[Event "REG 1  R 3 Millau-Albi"]
[Site "?"]
[Date "2003.12.07"]
[Round "3"]
[White "Marcel, Hazak"]
[Black "De Baralle, Michel"]
[Result "0-1"]
[WhiteElo "1499"]
[BlackElo "1600"]
[EventDate "2003.??.??"]
[PlyCount "87"]

1.d4 d5 2.c4 Nf6 3.Nc3 c6 4.cxd5 cxd5 5.Bg5 Nbd7 6.e3 a6 7.Bd3 e6 8.Nf3 
Be7 9.O-O b6 10.Rc1 Bb7 11.Qe2 b5 12.Bh4 Qb8 13.Qc2 Qd8 14.a3 Rc8 15.Qb1 
Ne4 16.Bxe7 Qxe7 17.Nxe4 Rxc1 18.Rxc1 dxe4 19.Bxe4 Nb6 20.Bxb7 Qxb7 21.Ne5
O-O 22.Nd3 Qe4 23.Nc5 Qxb1 24.Rxb1 Ra8 25.Kf1 a5 26.Ke2 Nc4 27.Kd3 f5 28.
Nxe6 Ra6 29.Nc5 Rd6 30.f4 g6 31.a4 Nb6 32.axb5 Nd5 33.Na6 Nb6 34.Rc1 Na4 
35.Rc2 Rb6 36.b3 Rxb5 37.bxa4 Rb3+ 38.Rc3 Rb6 39.Nc5 Rb4 40.d5 Kf7 41.Rb3 
Rxb3+ 42.Nxb3 Ke7 43.Kd4 Kd6 44.Nxa5 0-1

[Event "REG 1  R 3 Millau-Albi"]
[Site "?"]
[Date "2003.12.07"]
[Round "3"]
[White "Laurent, Croux"]
[Black "Fabre, Philippe"]
[Result "1-0"]
[WhiteElo "1660"]
[BlackElo "1750"]
[EventDate "2003.??.??"]
[PlyCount "47"]

1.d4 Nf6 2.Nf3 g6 3.e3 Bg7 4.Bd3 O-O 5.O-O d6 6.h3 Nbd7 7.Nbd2 e5 8.c3 Re8
9.e4 c6 10.Nc4 Qc7 11.dxe5 dxe5 12.b4 Nf8 13.Qc2 Nxe4 14.Bxe4 f5 15.Qb3 
fxe4 16.Ng5 Ne6 17.Nxe4 Nd4 18.cxd4 Be6 19.Nc5 Bd5 20.Qc2 exd4 21.Rb1 b6 
22.Nd3 c5 23.Bf4 Qd8 24.Nd6 1-0

[Event "REG 1  R 3 Millau-Albi"]
[Site "?"]
[Date "2003.12.07"]
[Round "3"]
[White "Carriere, Jean-Philippe"]
[Black "Gerard, Lefevre"]
[Result "1-0"]
[WhiteElo "1942"]
[BlackElo "1800"]
[EventDate "2003.??.??"]
[PlyCount "69"]

1.e4 c5 2.Nf3 Nc6 3.d4 cxd4 4.Nxd4 d6 5.Nc3 Bd7 6.Be3 Nf6 7.f3 g6 8.Qd2 
Bg7 9.g4 Bxg4 10.fxg4 Nxg4 11.Nxc6 bxc6 12.Be2 Nxe3 13.Qxe3 Qa5 14.O-O O-O
15.Kh1 Rab8 16.Rab1 Rb6 17.a3 Rfb8 18.b4 Qe5 19.Na4 R6b7 20.Ba6 Rc7 21.Qf4
Qxf4 22.Rxf4 Be5 23.Rf3 Kg7 24.c4 e6 25.c5 d5 26.exd5 exd5 27.Nb2 Re7 28.
Re1 Bf6 29.Rxe7 Bxe7 30.Nd3 f6 31.Re3 Kf7 32.Nf4 g5 33.Ne6 f5 34.Nd4 Bf6 
35.Nxc6 1-0

[Event "REG 1  R 3 Luchon/Sainte Foy"]
[Site "?"]
[Date "2003.12.07"]
[Round "3"]
[White "Miquel, Pierre"]
[Black "Trier, Marc"]
[Result "0-1"]
[WhiteElo "1499"]
[BlackElo "1640"]
[EventDate "2003.??.??"]
[Annotator ",OL"]
[PlyCount "92"]
[WhiteTeam "Luchon"]
[BlackTeam "L'ouverture Lauragaise"]

1.e4 e6 2.d4 d5 3.e5 c5 4.c3 Qb6 5.Nf3 Nc6 6.b3 cxd4 7.Bb2 dxc3 8.Bxc3 Bc5
9.Qc2 Nh6 10.Bd3 Ng4 11.O-O d4 12.Bb2 Ngxe5 13.Nfd2 Nxd3 14.Qxd3 f6 15.Ne4
e5 16.Qc4 Be7 17.Nbd2 Na5 18.Qe2 O-O 19.Kh1 Be6 20.f4 Rac8 21.Rac1 f5 22.
Nf2 e4 23.Nh3 Bf6 24.Rxc8 Rxc8 25.Bc1 Rc2 26.Qd1 d3 27.Nxe4 fxe4 28.Qe1 
Bd5 29.Be3 Qd8 30.Ng5 h6 31.Nh3 Nc6 32.Nf2 Qe8 33.Ng4 Bd4 34.Qg3 Kh7 35.f5
Bxe3 36.Nxe3 Rc5 37.f6 Qf7 38.Qd6 b6 39.Nxd5 Rxd5 40.Qxc6 Re5 41.Kg1 e3 
42.fxg7 Qxf1+ 43.Kxf1 e2+ 44.Ke1 d2+ 45.Kxd2 e1=Q+ 46.Kd3 Qe3+ 0-1

[Event "REG 1  R 3 Foix-Ramonville"]
[Site "?"]
[Date "2003.12.07"]
[Round "3"]
[White "Emmanuel, Evrard"]
[Black "Jean-François, Mary"]
[Result "1-0"]
[WhiteElo "1610"]
[BlackElo "1520"]
[EventDate "2003.??.??"]
[PlyCount "25"]

1.e4 e6 2.d4 d5 3.Nc3 Bb4 4.a3 Bxc3+ 5.bxc3 dxe4 6.Ne2 Nf6 7.Ng3 h6 8.f3 
exf3 9.Qxf3 Qd5 10.Qf2 Ne4 11.Nxe4 Qxe4+ 12.Be2 Qxc2 13.Bb5+ 1-0

[Event "REG 1  R 3 Foix-Ramonville"]
[Site "?"]
[Date "2003.12.07"]
[Round "3"]
[White "Christian, Mauge"]
[Black "Paul, Louis"]
[Result "1-0"]
[WhiteElo "1499"]
[BlackElo "1190"]
[EventDate "2003.??.??"]
[PlyCount "69"]

1.b4 c6 2.Bb2 d5 3.e3 Bf5 4.a4 a6 5.c4 e6 6.cxd5 exd5 7.h3 Bxb4 8.Bxg7 f6 
9.Qb3 Qe7 10.Bxh8 Bd6 11.Nc3 d4 12.Qxg8+ Qf8 13.Qxf8+ Bxf8 14.exd4 Kf7 15.
Nf3 Nd7 16.Nh4 Bg6 17.Bc4+ Ke7 18.O-O Bh6 19.Nxg6+ hxg6 20.Rae1+ Kd6 21.
Ne4+ Kc7 22.Bxf6 Nxf6 23.Nxf6 Bxd2 24.Re8 Rxe8 25.Nxe8+ Kb6 26.Rb1+ Ka7 
27.Nd6 b5 28.axb5 cxb5 29.Bd3 Kb6 30.Nc4+ Ka7 31.Nxd2 g5 32.Ra1 Kb6 33.Ne4
Kc6 34.Rxa6+ Kd5 35.Rd6# 1-0

[Event "REG 1  R 3 Foix-Ramonville"]
[Site "?"]
[Date "2003.12.07"]
[Round "3"]
[White "Bruno, Lanllier"]
[Black "Hervé, Damiano"]
[Result "1-0"]
[WhiteElo "1920"]
[BlackElo "1640"]
[EventDate "2003.??.??"]
[PlyCount "79"]

1.d4 Nf6 2.c4 g6 3.Nc3 Bg7 4.e4 d6 5.h3 O-O 6.Nf3 e5 7.d5 Na6 8.Be3 Nh5 9.
Nd2 Qe8 10.Nb3 f5 11.c5 f4 12.Bd2 Nxc5 13.Nxc5 dxc5 14.b4 cxb4 15.Nb5 Qd8 
16.Bxb4 Rf7 17.d6 a6 18.Nxc7 Rxc7 19.dxc7 Qxc7 20.Rc1 Qb6 21.Qd6 Qxd6 22.
Bxd6 Be6 23.Bc4 Bxc4 24.Rxc4 Rd8 25.Bb4 Nf6 26.Ke2 b5 27.Rc6 Rd4 28.a3 
Rxe4+ 29.Kf3 Rd4 30.Rhc1 Nd5 31.Rxa6 e4+ 32.Ke2 Nxb4 33.Ra8+ Kf7 34.axb4 
Bf6 35.Ra7+ Ke6 36.Rc5 Be7 37.Ra6+ Kd7 38.Rxb5 Bxb4 39.Ra2 Kc6 40.Rb8 1-0

[Event "REG 1  R 3 Albi-Millau"]
[Site "?"]
[Date "2003.12.07"]
[Round "3"]
[White "Maurice, Calvignac"]
[Black "Jean-Pierre, Peccini"]
[Result "1-0"]
[WhiteElo "1600"]
[BlackElo "1630"]
[EventDate "2003.??.??"]
[PlyCount "105"]

1.c4 e5 2.Nc3 Nc6 3.Nf3 b6 4.e4 Bb7 5.Be2 Nf6 6.d3 h6 7.h3 Nd4 8.Nxe5 Nxe2
9.Qxe2 d6 10.Nf3 Be7 11.O-O Nd7 12.Nd5 c6 13.Nxe7 Qxe7 14.Bd2 O-O-O 15.b4 
Rde8 16.a4 f5 17.Rfe1 fxe4 18.dxe4 c5 19.Ra3 Qf7 20.Re3 Rhf8 21.a5 Ba6 22.
b5 Bb7 23.a6 Ba8 24.Bc3 g5 25.e5 Qf5 26.exd6 Rxe3 27.Qxe3 Qf7 28.Bg7 Rd8 
29.Bxh6 g4 30.hxg4 Qg6 31.g5 Qxd6 32.Ne5 Re8 33.f4 Nxe5 34.fxe5 Qe6 35.Qh3
Kd7 36.Qxe6+ Kxe6 37.Bg7 Rd8 38.Bf6 Rd2 39.Re3 Rxg2+ 40.Kf1 Rc2 41.Rd3 
Rxc4 42.g6 Bd5 43.g7 Rg4 44.Kf2 Rg2+ 45.Ke1 c4 46.Rh3 Kf7 47.Rh8 Rxg7 48.
Bxg7 Kxg7 49.Rd8 Be4 50.Rd7+ Kf8 51.Rxa7 Bd3 52.Rb7 c3 53.a7 1-0

[Event "REG 1  R 3 Albi-Millau"]
[Site "?"]
[Date "2003.12.07"]
[Round "3"]
[White "André, Chorazy"]
[Black "André, Schegerin"]
[Result "1/2-1/2"]
[WhiteElo "1730"]
[BlackElo "1800"]
[EventDate "2003.??.??"]
[PlyCount "59"]

1.f4 Nf6 2.Nf3 d5 3.e3 Bg4 4.h3 Bxf3 5.Qxf3 e6 6.b3 Ne4 7.g3 Qf6 8.d4 Bb4+
9.Bd2 c5 10.Bb5+ Nc6 11.Bxc6+ bxc6 12.Bxb4 cxb4 13.Nd2 Nxd2 14.Kxd2 c5 15.
Qf2 cxd4 16.exd4 Rc8 17.Kc1 Rc3 18.a3 Qe7 19.axb4 Qxb4 20.Rxa7 O-O 21.Kd1 
Rfc8 22.Ra2 Qd6 23.Rg1 Qc6 24.Rg2 Ra8 25.Rxa8+ Qxa8 26.Qd2 Qa1+ 27.Qc1 Qa6
28.Rg1 Qa7 29.Qd2 Rc7 30.Qg2 1/2-1/2

[Event "REG 1  R 3  Sainte Foy/Luchon"]
[Site "?"]
[Date "2003.12.07"]
[Round "3"]
[White "Ajdari, Emmanuel"]
[Black "Dorleac, Joël"]
[Result "1/2-1/2"]
[WhiteElo "1520"]
[BlackElo "1400"]
[EventDate "2003.??.??"]
[Annotator ",OL"]
[PlyCount "101"]
[WhiteTeam "L'ouverture Lauragaise"]
[BlackTeam "Luchon"]

1.e4 Nf6 2.e5 Nd5 3.d4 d6 4.Bc4 Nb6 5.Bb3 dxe5 6.Qf3 e6 7.dxe5 Nc6 8.Bf4 
Nd5 9.Ne2 Nxf4 10.Qxf4 Bc5 11.Nd2 Nd4 12.Nxd4 Qxd4 13.Qxd4 Bxd4 14.c3 Bxe5
15.Nf3 Bf6 16.O-O-O Bd7 17.Rd3 O-O-O 18.Bc2 Bc6 19.Rhd1 Rhe8 20.g3 Bxf3 
21.Rxf3 Bg5+ 22.Kb1 Rxd1+ 23.Bxd1 Rd8 24.Bc2 f5 25.h4 Bf6 26.Re3 Rd6 27.f4
h6 28.Bb3 Kd7 29.Kc2 g5 30.hxg5 hxg5 31.Ba4+ c6 32.Rd3 b5 33.Rxd6+ Kxd6 
34.Bb3 e5 35.Kd3 c5 36.Ke3 c4 37.Bc2 gxf4+ 38.gxf4 e4 39.Bd1 a5 40.a3 Bh4 
41.Bh5 Be1 42.Be8 b4 43.cxb4 axb4 44.axb4 Bxb4 45.Bb5 c3 46.bxc3 Bxc3 47.
Ba6 Bb2 48.Bc8 Bc1+ 49.Ke2 Bxf4 50.Bxf5 e3 51.Bb1 1/2-1/2

[Event "REG 1  R 3  Montech - Montauban"]
[Site "?"]
[Date "2003.12.07"]
[Round "3"]
[White "Jean-Luc, Palos"]
[Black "Frédéric, Mauriange"]
[Result "1-0"]
[WhiteElo "1440"]
[BlackElo "1299"]
[EventDate "2003.??.??"]
[PlyCount "31"]

1.e4 e5 2.Nf3 Nc6 3.Bb5 a6 4.Ba4 Nf6 5.O-O b5 6.Bb3 Be7 7.d3 O-O 8.Bd5 Bd6
9.Be3 Nxd5 10.exd5 Ne7 11.Nc3 Ng6 12.Ne4 Be7 13.Nfg5 f5 14.Qh5 h6 15.Qxg6 
fxe4 16.Qh7# 1-0

[Event "REG 1  R 3  Montauban-Montech"]
[Site "?"]
[Date "2003.12.07"]
[Round "3"]
[White "Ravon, Michel"]
[Black "Thierry, Truong"]
[Result "1-0"]
[WhiteElo "1499"]
[BlackElo "1430"]
[EventDate "2003.??.??"]
[PlyCount "91"]

1.d4 e6 2.c4 Nf6 3.Nf3 Nc6 4.a3 Be7 5.Nc3 O-O 6.d5 Na5 7.e4 b6 8.b4 Nb7 9.
Bd3 a5 10.b5 Nc5 11.Bc2 h6 12.O-O d6 13.Nd4 Bb7 14.Nc6 Bxc6 15.bxc6 e5 16.
Be3 Na6 17.Qe2 Qc8 18.h3 Nh7 19.Qf3 Bg5 20.Rae1 Bxe3 21.Rxe3 Ng5 22.Qh5 
Nc5 23.f4 exf4 24.Rxf4 Qe8 25.Rf5 f6 26.Qe2 Qg6 27.Rf4 Qe8 28.Nb5 Rc8 29.
Rf1 Nf7 30.Nd4 Ne5 31.Nf5 Kh7 32.Rg3 Rg8 33.Nh4 Qf7 34.Nf5 Rce8 35.Nd4 Re7
36.Rf4 Ng6 37.e5 Rxe5 38.Qf2 Rg5 39.h4 Rxg3 40.Qxg3 h5 41.Ne6 Nxe6 42.dxe6
Qe8 43.Rf5 Kh6 44.Qe3+ Nf4 45.Qxf4+ g5 46.Rxf6+ 1-0